In the Balance: Themes in Global History (Record no. 5406)

MARC details
005 - DATE AND TIME OF LATEST TRANSACTION
control field 20250626144426.0
020 ## - INTERNATIONAL STANDARD BOOK NUMBER
International Standard Book Number 0-07-024181-3
082 ## - DEWEY DECIMAL CLASSIFICATION NUMBER
Classification number 909 GOU
100 ## - MAIN ENTRY--PERSONAL NAME
Author name GOUCHER, C
245 ## - TITLE STATEMENT
Title In the Balance: Themes in Global History
260 ## - PUBLICATION, DISTRIBUTION, ETC.
Place of publication, distribution, etc. Boston
Name of publisher, distributor, etc. New York
Date of publication, distribution, etc. 1998.
300 ## - PHYSICAL DESCRIPTION
Extent xxxiii,971p.: ill.; figures
Other physical details Index
Dimensions 22cm
700 ## - ADDED ENTRY--PERSONAL NAME
Other authors/Editors Charles A. Leguin
700 ## - ADDED ENTRY--PERSONAL NAME
Other authors/Editors Linda A. Walton
942 ## - ADDED ENTRY ELEMENTS (KOHA)
Source of classification or shelving scheme Dewey Decimal Classification
Koha item type Books
Holdings
Date last seen Total checkouts Full call number Barcode Cost, replacement price Price effective from Koha item type Lost status Source of classification or shelving scheme Damaged status Not for loan Withdrawn status Home library Current library Shelving location Date acquired Source of acquisition Cost, normal purchase price
06/26/2025   909 GOU MZA0002318 150000.00 06/26/2025 Books   Dewey Decimal Classification       CBE Mwanza CBE Mwanza General Collection 06/11/2019 Library Budget 50000.00
06/27/2025   909 GOU MZA0002575 150000.00 06/26/2025 Books   Dewey Decimal Classification       CBE Mwanza CBE Mwanza General Collection 06/11/2019 Library Budget 50000.00
06/27/2025   909 GOU MZA0002679 150000.00 06/26/2025 Books   Dewey Decimal Classification       CBE Mwanza CBE Mwanza General Collection 06/11/2019 Library Budget 50000.00
06/27/2025   909 GOU MZA0002680 150000.00 06/27/2025 Books   Dewey Decimal Classification       CBE Mwanza CBE Mwanza General Collection 07/16/2007 Library Budget 50000.00